Giáo dục công dân 11
vv
Đã lưu trong:
| Tác giả chính: | |
|---|---|
| Định dạng: | Sách |
| Năm xuất bản: |
H.:
Giáo dục,
2006
|
| Chủ đề: | |
| Tags: |
Thêm thẻ
Không có thẻ, Hãy là người đầu tiên gắn thẻ bản ghi này!
|
| LEADER | 01043nam a2200181 4500 | ||
|---|---|---|---|
| 082 | |a 370.114 |b Gi108d | ||
| 100 | |a Mai Văn Bính | ||
| 245 | |a Giáo dục công dân 11 |c Mai Văn Bính, Phạm Văn Hùng, Phan Thanh Phố | ||
| 260 | |a H.: |b Giáo dục, |c 2006 | ||
| 300 | |a 120tr.; |b 24cm | ||
| 520 | |a vv | ||
| 653 | |a Giáo dục công dân | ||
| 942 | |2 ddc |c STK0 | ||
| 999 | |c 11574 |d 11574 | ||
| 952 | |0 0 |1 0 |2 ddc |4 0 |6 370_114000000000000_GI108D |7 0 |8 300 |9 98972 |a qbu |b qbu |c D2 |d 2015-11-16 |g 4600 |o 370.114 Gi108d |p 11057.C1 |r 0000-00-00 |w 2015-11-16 |y STK0 | ||
| 952 | |0 0 |1 0 |2 ddc |4 0 |6 370_114000000000000_GI108D |7 0 |8 300 |9 98973 |a qbu |b qbu |c D2 |d 2015-11-16 |g 4600 |l 3 |m 1 |o 370.114 Gi108d |p 11057.C2 |r 2018-04-11 |s 2018-03-15 |w 2015-11-16 |y STK0 | ||
| 952 | |0 0 |1 0 |2 ddc |4 0 |6 370_114000000000000_GI108D |7 0 |8 300 |9 98974 |a qbu |b qbu |c D2 |d 2015-11-16 |g 4600 |l 2 |m 1 |o 370.114 Gi108d |p 11057.C3 |r 2018-10-22 |s 2018-10-09 |w 2015-11-16 |y STK0 | ||
| 952 | |0 0 |1 0 |2 ddc |4 0 |6 370_114000000000000_GI108D |7 0 |8 300 |9 98975 |a qbu |b qbu |c D2 |d 2015-11-16 |g 4600 |o 370.114 Gi108d |p 11057.C4 |r 0000-00-00 |w 2015-11-16 |y STK0 | ||